000 00545nam a22001937a 4500
003 KOHA_MİRAKIL
005 20250926120646.0
008 250926b tu ||||| |||| 00| 0 tur d
020 _a9786057405234
040 _aTR-AnABB
_btur
_cTR-AnABB
041 _atur
082 _a923.20561
_bUGU 2021
100 1 _aUğurlu, Kamil
245 1 0 _aKonya hâtıratı /
_cKâmil Uğurlu
260 _aİstanbul :
_bİdealkent Yayınları,
_c2021
300 _a284 sayfa ;
_c24 cm
650 0 0 _aBiyografi, devlet insanları
942 _2ddc
_cBK
999 _c8911
_d8911
900 _bGizem YORULMAZ